In the Bible (A to Z) Quiz Stats

 Plays Quiz Updated Jan 30, 2016

Challenge
Share
Tweet
Embed
Score 0/26 Timer 05:00
2 Plays Today
% Correct
Mary
92.6%
Cain
90.5%
Noah
90.5%
Wise Men
87.9%
Gabriel
87.1%
Adam
86.9%
Daniel
85.5%
Jonah
84%
Thomas
83.2%
Isaac
82.6%
Rachel
82.2%
Lazarus
79.4%
Esau
78.1%
% Correct
Solomon
68.8%
Paul
68.1%
Herod
66.2%
Yahweh
60.6%
Vashti
53.1%
Balaam
51.7%
Zechariah
45.7%
Uriah
40.5%
Keturah
38.6%
Xerxes
34.6%
Onesimus
33.1%
Quirinius
31.4%
Felix
29.6%

You're not logged in!

Compare scores with friends on all Sporcle quizzes.
OR
Log In

You Might Also Like...

Show Comments

Extras

Top Quizzes Today


Score Distribution

Your Account Isn't Verified!

In order to create a playlist on Sporcle, you need to verify the email address you used during registration. Go to your Sporcle Settings to finish the process.

Report this User

Report this user for behavior that violates our Community Guidelines.

Details: